Quiz sur les Rois de France - Statistiques

Statistiques générales
  • Ce quiz a été pris 329 fois
  • Le résultat moyen est 5 sur 8
Statistiques - réponses
Question Réponse % Correct
Qui était le roi Soleil ? Louis 14
90%
Qui a été le premier roi de France ? Clovis 1er
89%
Sous quel roi a eu lieu la Révolution Française ? Louis 16
88%
Quel était le prénom le plus utilisé pour les rois de France ? Louis
84%
Combien y a-t-il eu de Napoléon ? 3
57%
Quel roi a règné de 1601-1643 ? Louis 13
49%
Quand est mort Charlemagne ? 814
39%
Où a été sacré le roi Henri 4 ? Chartres
34%
Aucun quiz correspondant
Distribution des résultats
% des personnes avec chaque résultat
Percentile par nombre de réponses
Votre historique - résultats
Vous n’avez pas pris ce quiz